00867nam a2200181 i 450000100060000000300090000600500170001500700030003200800410003524502810007626000990035730000350045665000440049170000360053571000500057171000420062185200220066326165ES-MaACL20230906153409.0t|030108s1966 sp ||||1| spa d00aAspectos económicos del cine español b: período 1953 a 1965 / c[trabajo del Servicio Sindical de Estadística ; elaboración a cargo del Servicio de Estadística en el Sindicato Nacional del Espectáculo ; dirección y comentarios, Ramón del Valle Fernández]. aMadrid : bEdiciones y Publicaciones Populares : bServicio Sindical de Estadística, c1966. a240 p. : bil. ; c21 x 25 cm. 4aIndustria cinematográfica-zEspaña.1 aValle Fernández, Ramón del.2 aServicio Sindical de Estadística (España)2 aSindicato Nacional del Espectáculo. aES-MaACLjC-31101